Battesimo e confermazione: schemi e bibliografie

-д хадгалсан:
Номзүйн дэлгэрэнгүй
Үндсэн зохиолч: Becker, Karl J (Зохиогч)
Формат: Ном
Хэл сонгох:итали
Хэвлэсэн: Roma Pontificia Università Gregoriana 1981
Нөхцлүүд:
Шошгууд: Шошго нэмэх
Шошго байхгүй, Энэхүү баримтыг шошголох эхний хүн болох!

MARC

LEADER 00000nam a2200000 a 4500
001 UCK7835
003 CL-VaPUC
008 051216e19810000IT |||||||||||||||||ita|d
082 0 4 |a 265  |b BEC  |2 21 
100 0 |a Becker, Karl J  |e author  |9 497497 
245 1 0 |a Battesimo e confermazione: schemi e bibliografie 
300 |a 88 p 
942 |c BK 
945 |d 20051216 00:00:00  |a jtorresc 
260 |a Roma  |b Pontificia Università Gregoriana  |c 1981 
650 0 |a Bautismo  |9 314393 
650 0 |a Sacramentos   |9 257270 
650 0 |a Teología cristiana  |9 308336 
650 0 |a Confirmación   |9 255060 
583 |a last modification  |c 20051216 00:00:00  |k Rodrigo Vera 
999 |c 315677  |d 315675 
952 |0 0  |1 0  |4 0  |6 265_000000000000000_BEC_1981  |7 0  |8 A  |9 389270  |a BIBTEO  |b BIBTEO  |d 2019-11-22  |i 4061721  |o 265 BEC 1981  |p 4061721  |r 2025-01-17  |w 2019-11-22  |y BK  |k ICR